| 000 | 00660nam a2200253Ia 4500 | ||
|---|---|---|---|
| 005 | 20250425162020.0 | ||
| 008 | 250425s9999 xx 000 0 und d | ||
| 020 | _a9684227434 | ||
| 041 | _aspa | ||
| 082 | _a621.462 | ||
| 100 | _aSMEATON, ROBERT W. | ||
| 245 | 0 | _aMOTORES ELECTRICOS: SELECCION, MANTENIMIENTO Y REPARACION | |
| 250 | _a2A ED. | ||
| 260 | _aMEXICO | ||
| 260 |
_aMéxico _bMCGRAW-HILL _c1991 |
||
| 300 | _a262 | ||
| 500 | _aConsultar inv. D-24188 v.1 en BIBTEC | ||
| 650 | _aMANTENIMIENTO | ||
| 650 | _aMOTORES DE INDUCCION | ||
| 650 | _aMOTORES ELECTRICOS | ||
| 650 | _aMOTORES SINCRONOS | ||
| 942 | _c01 | ||
| 010 | _a40621 | ||
| 999 |
_c220660 _d220660 |
||